| 000 | 00646nam a2200265Ia 4500 | ||
|---|---|---|---|
| 008 | 170711s9999 xx 000 0 und d | ||
| 020 | _a9780439738651 | ||
| 050 | _a793.73 | ||
| 050 | _bM393 2006 | ||
| 100 | _aMarzollo, Jean | ||
| 245 | _aI spy : | ||
| 245 | _ba butterfly / | ||
| 245 | _criddles by Jean Marzollo ; photographs by Walter Wick. | ||
| 260 | _aNew York : | ||
| 260 | _bScholastic, | ||
| 260 | _c2006 | ||
| 300 | _aunpages : | ||
| 300 | _bcolored illustrations ; | ||
| 300 | _c23cm. | ||
| 440 | _aScholastic reader. | ||
| 650 | _aPuzzle. | ||
| 650 | _aRiddle. | ||
| 700 | _aTitle. | ||
| 700 | _aWick, Walter. | ||
| 999 |
_c340030 _d340030 |
||